|
|
|
|
| LEADER |
01094pam a22003258a 4500 |
| 001 |
00030369 |
| 005 |
20171026081023.0 |
| 008 |
130125s2012 ||||||viesd |
| 020 |
|
|
|c 76000
|
| 041 |
0 |
# |
|a vie
|
| 082 |
1 |
4 |
|a 158.1
|b S552M
|
| 100 |
1 |
# |
|a Hershey, Terry
|
| 245 |
1 |
0 |
|a Sức mạnh của điểm dừng
|c Terry Hershey; Nguyễn Thị Thục Nhi, Phạm Vũ Thanh Tùng (biên dịch)
|
| 246 |
0 |
1 |
|a The power of pause
|
| 260 |
# |
# |
|b Tổng hợp TP. Hồ Chí Minh
|c 2012
|a TP. Hồ Chí Minh
|
| 300 |
# |
# |
|a 291 tr.
|c 21 cm.
|b minh họa
|
| 653 |
# |
# |
|a Cuộc sống
|
| 653 |
# |
# |
|a Thái độ
|
| 653 |
# |
# |
|a Điểm dừng
|
| 653 |
# |
# |
|a Tâm lý học ứng dụng
|
| 700 |
1 |
# |
|a Nguyễn, Thị Thục Nhi
|e Biên dịch
|
| 700 |
1 |
# |
|a Phạm, Vũ Thanh Tùng
|
| 710 |
|
|
|a First New
|
| 852 |
# |
# |
|b Kho mượn
|j KM.0014692
|
| 852 |
# |
# |
|j KD.0014392
|j KM.0014692
|
| 852 |
# |
# |
|b Kho đọc
|j KD.0014392
|
| 910 |
|
|
|d 25/01/2013
|
| 980 |
# |
# |
|a Trung tâm Học liệu Lê Vũ Hùng, Trường Đại học Đồng Tháp
|